Score 0/60 Timer 07:00
2 Plays Today
% Correct
I Am Legend
96.2%
Hancock
94.1%
I, Robot
92.7%
Ali
91.9%
A Beautiful Mind
91.7%
The Curious Case of Benjamin Button
89.2%
Dead Poets Society
88.8%
Jumanji
88.8%
Good Morning, Vietnam
88.5%
Troy
82.5%
Saving Private Ryan
81.6%
World War Z
81.1%
Cinderella Man
80.6%
Cool Hand Luke
79.9%
Butch Cassidy and the Sundance Kid
79.8%
Capote
79.1%
Wall Street
74.2%
Leaving Las Vegas
72.6%
Gone in Sixty Seconds
72.3%
Basic Instinct
70.6%
Raising Arizona
69.9%
The Sting
69.2%
Seven Pounds
69.1%
Burn After Reading
68%
Les Misérables
67.8%
Fatal Attraction
67.6%
The French Connection
66.7%
Dogma
65.7%
The Hustler
65%
The Dark Knight
63.5%
% Correct
Babel
62.8%
Crazy Heart
62%
L.A Confidential
61.5%
Tinker Tailor Soldier Spy
56.9%
Rounders
55.9%
Awakenings
55%
Stuck On You
54.9%
Superman
54.9%
Boogie Nights
54.9%
Charlie Wilson's War
53.4%
The Fabulous Baker Boys
53.1%
Mississippi Burning
52.6%
Lord of War
52.2%
Crimson Tide
51.7%
Falling Down
51%
Insomnia
50.9%
Adaptation
48.5%
Almost Famous
48.5%
Green Zone
45.7%
The Master
44.3%
Sid and Nancy
44.1%
The Verdict
40.6%
Léon
39.9%
Wonder Boys
39.4%
The Last Picture Show
36.4%
Seabiscuit
35.6%
Thunderbolt and Lightfoot
35.5%
State of Play
33.5%
The Conversation
33.2%
JFK
33.2%
Remove Ads.
Support Sporcle.
Get the best of Sporcle when you Go Orange. This ad-free experience offers more features, more stats, and more fun while also helping to support Sporcle. Thank you for becoming a member.

You're not logged in!

Compare scores with friends on all Sporcle quizzes.
OR
Log In

Show Comments

Extras

Top Quizzes Today


Score Distribution

Your Account Isn't Verified!

In order to create a playlist on Sporcle, you need to verify the email address you used during registration. Go to your Sporcle Settings to finish the process.

Report this User

Report this user for behavior that violates our Community Guidelines.

Details: